000 00739nam a2200217Ii 4500
003 JO-AjNU
008 230605s9999||||xx |||||||||||||| ||und||
020 _a9953-72-121-1
040 _aJO-AjNU
_bara
_erda
_cJO-AjNU
041 _aara
050 1 4 _aRS164.
100 3 _aرزق ، هيام/ م مشارك علامة ، معصوم,
_eauthor
_913486
245 0 0 _aاسرار العلاج بالشاي والحمضيات (الحامض والليمون)
250 _aط1
264 3 1 _aبغداد:دار القلم للطباعة والنشر ، 1900
300 _a127ص
336 _atext
_btxt
_2rdacontent
337 _aunmediated
_bn
_2rdamedia
338 _avolume
_bnc
_2rdacarrier
650 4 _aالعلاج بالحمضيات
_913487
999 _aA3371
_c6939
_d6939